Ship or Sheep ? (Record no. 9371)
[ view plain ]
| 000 -LEADER | |
|---|---|
| fixed length control field | 00799nam a2200253 a 4500 |
| 001 - CONTROL NUMBER | |
| JCCL Control Number | 9371 |
| 003 - CONTROL NUMBER IDENTIFIER | |
| JCCL marc code | BD-JhCC |
| 005 - DATE AND TIME OF LATEST TRANSACTION | |
| control field | 20180521101512.0 |
| 008 - FIXED-LENGTH DATA ELEMENTS--GENERAL INFORMATION | |
| fixed length control field | 180313r19772000US a|||| |||| 000 0 eng d |
| 020 ## - INTERNATIONAL STANDARD BOOK NUMBER | |
| International Standard Book Number | 052128354X |
| 035 ## - SYSTEM CONTROL NUMBER | |
| system control number | (BD-JhCC)9371 |
| 040 ## - CATALOGING SOURCE | |
| Original cataloging agency | BD-JhCC |
| Modifying agency | BD-JhCC |
| 041 ## - LANGUAGE CODE | |
| Language code of Book | eng |
| 082 ## - DEWEY DECIMAL CLASSIFICATION NUMBER | |
| DDC Edition number | 2 |
| Classification number | 428.1 |
| Author mark and Year | BAK 2000 |
| 100 ## - MAIN ENTRY--PERSONAL NAME | |
| Personal name | Baker, Ann |
| 245 ## - TITLE STATEMENT | |
| Title | Ship or Sheep ? |
| Remainder of title | An intermediate pronunciation course / |
| Statement of responsibility, etc | Ann Baker |
| 250 ## - EDITION STATEMENT | |
| Edition statement | 2nd edu. |
| 260 ## - PUBLICATION, DISTRIBUTION, ETC. (IMPRINT) | |
| Place of publication, distribution, etc | New York : |
| Name of publisher, distributor, etc | The Press Syndicate of the University of Cambridge, |
| Date of publication, distribution, etc | 2000. |
| 300 ## - PHYSICAL DESCRIPTION | |
| Pagination | 168 p.: |
| Other physical details | ill ; |
| Dimensions | 20 cm. |
| 520 ## - SUMMARY, ETC. | |
| Summary, etc | This book will train students to recognise and produce English sounds, and includes work on stress and intonation. |
| 650 ## - SUBJECT ADDED ENTRY--TOPICAL TERM | |
| Topical term or geographic name as entry element | English Language |
| 942 ## - ADDED ENTRY ELEMENTS (KOHA) | |
| Source of classification or shelving scheme | Dewey Decimal Classification |
| Koha item type | Books |
| Source of classification or shelving scheme | Damaged status | Not for loan | Home library | Current library | Shelving location | Date of accession | Total Checkouts | Full call number | Barcode | Checked out | Date last seen | Date checked out | Copy number | Koha item type |
|---|---|---|---|---|---|---|---|---|---|---|---|---|---|---|
| Dewey Decimal Classification | JCC Rouf Library | JCC Rouf Library | General Stacks | 03/13/2018 | 1 | 428.1 BAK 2000 | 11585 | 02/23/2026 | 01/28/2026 | 01/28/2026 | C-1 | Books |